Chile durante el gobierno de Errázuriz Echaurren: 1891-1901
Saved in:
| Hovedforfatter: | |
|---|---|
| Format: | Bog |
| Sprog: | spansk |
| Udgivet: |
Santiago
Zig-Zag
1957
|
| Udgivelse: | 2a. ed |
| Fag: | |
| Tags: |
Tilføj Tag
Ingen Tags, Vær først til at tagge denne postø!
|
MARC
| LEADER | 00000nam a2200000 a 4500 | ||
|---|---|---|---|
| 001 | UCO2002 | ||
| 003 | CL-VaPUC | ||
| 008 | 000602e19570000CL |||||||||||||||||spa|d | ||
| 082 | 0 | 4 | |a 983.063 |b EYZ |2 21 |
| 100 | |a Eyzaguirre Gutiérrez, Jaime |e autor |9 584583 | ||
| 245 | 1 | 0 | |a Chile durante el gobierno de Errázuriz Echaurren: 1891-1901 |
| 250 | |a 2a. ed | ||
| 300 | |a 413 p | ||
| 942 | |c BK | ||
| 945 | |d 20000602 00:00:00 |a crobeson | ||
| 260 | |a Santiago |b Zig-Zag |c 1957 | ||
| 600 | 0 | 7 | |a ERRAZURIZ ECHAURREN, FEDERICO |2 CL-VaPUC |9 268138 |
| 650 | 7 | |a HISTORIA DE CHILE 1896-1901 |2 CL-VaPUC |9 444622 | |
| 650 | 7 | |a POLITICA Y GOBIERNO 1896-1901 |2 CL-VaPUC |9 444623 | |
| 651 | 7 | |a CHILE |2 CL-VaPUC |9 444624 | |
| 583 | |a last modification |c 20000602 00:00:00 |k Rodrigo Vera | ||
| 999 | |c 288548 |d 288546 | ||
| 952 | |0 0 |1 0 |4 0 |6 983_063000000000000_EYZ_1957 |7 0 |8 A |9 336292 |a BIBHIS |b BIBHIS |d 2019-11-20 |i 1277278 |o 983.063 EYZ 1957 |p 1277278 |r 2025-01-20 |w 2019-11-20 |y BK |k HIS | ||